000 00689nam a2200181 i 4500
001 72740
003 ES-MaACL
005 20230906171535.0
007 t|
008 040902s1952 gw ||||1| ger d
100 1 _aGoethe, Johann Wolfgang von,
_d1749-1832
_957568
245 1 0 _aGoethes Werke /
_cJohan Wolfgang Goethe.
260 _aHamburg :
_bWegner,
_c[1952]
300 _a8 v. ;
_c19 cm.
505 8 _aContiene: V. I: Gedichte und Epen. -- V. II: Gedichte und Epen. -- V. III-IV: Dramtische Dichtungen. -- V. V: Dramtische Dichtungen. -- V. VI: Romane und novellen. -- V. VII-VIII: Romane und novellen
852 _aES-MaACL
_jC-19123-30
_bR.46964
999 _c72740
_d72740